<?xml version="1.0" encoding="UTF-8"?>
<marc:record xmlns:marc="http://www.loc.gov/MARC21/slim">
   <marc:leader>00000nam a2200000 a 4500</marc:leader>
   <marc:datafield ind1="1" ind2=" " tag="100">
      <marc:subfield code="a">Haselwanter, Sabine</marc:subfield>
      <marc:subfield code="4">aut</marc:subfield>
      <marc:subfield code="e">Verfasser/-in</marc:subfield>
   </marc:datafield>
   <marc:datafield ind1=" " ind2=" " tag="653">
      <marc:subfield code="a">Jugend</marc:subfield>
   </marc:datafield>
   <marc:datafield ind1=" " ind2=" " tag="653">
      <marc:subfield code="a">Kindheit</marc:subfield>
   </marc:datafield>
   <marc:datafield ind1=" " ind2=" " tag="653">
      <marc:subfield code="a">Religionsunterricht</marc:subfield>
   </marc:datafield>
   <marc:datafield ind1=" " ind2=" " tag="653">
      <marc:subfield code="a">Depression</marc:subfield>
   </marc:datafield>
   <marc:datafield ind1=" " ind2=" " tag="653">
      <marc:subfield code="a">Kindesalter</marc:subfield>
   </marc:datafield>
   <marc:datafield ind1=" " ind2=" " tag="653">
      <marc:subfield code="a">Trauerbewältigung</marc:subfield>
   </marc:datafield>
   <marc:datafield ind1=" " ind2=" " tag="653">
      <marc:subfield code="a">Todeskonzepte</marc:subfield>
   </marc:datafield>
   <marc:datafield ind1=" " ind2=" " tag="653">
      <marc:subfield code="a">Trauerprozess</marc:subfield>
   </marc:datafield>
   <marc:datafield ind1=" " ind2=" " tag="653">
      <marc:subfield code="a">Jugendliche trauern</marc:subfield>
   </marc:datafield>
   <marc:datafield ind1="0" ind2="0" tag="245">
      <marc:subfield code="a">Trauer in der Kindheit.</marc:subfield>
   </marc:datafield>
   <marc:datafield ind1="0" ind2="0" tag="245">
      <marc:subfield code="b">Begleitung und Unterstützung bei Trauerprozes-sen im Religionsunterricht der Primarstufe,, Christliche und multireligiöse Feiern in der Schule</marc:subfield>
   </marc:datafield>
   <marc:datafield ind1="0" ind2="0" tag="245">
      <marc:subfield code="c">Sabine Haselwanter. BEd Sabine Edinger</marc:subfield>
   </marc:datafield>
   <marc:datafield ind1=" " ind2="1" tag="264">
      <marc:subfield code="a">Stams</marc:subfield>
      <marc:subfield code="c">2020</marc:subfield>
   </marc:datafield>
   <marc:datafield ind1="1" ind2=" " tag="490">
      <marc:subfield code="a">Bachelorarbeit II-PDF</marc:subfield>
   </marc:datafield>
   <marc:datafield ind1="1" ind2=" " tag="520">
      <marc:subfield code="a">Abstract&lt;br/&gt;Trauer ist eine natürliche Reaktion auf Verluste. Weil auch Kinder nicht davon verschont bleiben, ist es besonders für diese von besonderer Bedeutung in ihrer Trauer von achtsamen, mitfühlenden Erwachsenen im Trauerprozess begleitet zu werden. Die Trauerbewältigung kann damit einsetzen und spätere Krankhei-ten und Depressionen können dadurch vermieden werden. Da sich Trauerpha-sen bei Kindern und Erwachsenen sehr individuell und verschieden zeigen kön-nen, ist es wichtig, dass Erwachsene über ein nötiges Hintergrundwissen über das Thema „Tod und Trauerbewältigung” verfügen, um Kindern in ihrer Trauer-bewältigung eine verständnisvolle Stütze sein zu können.&lt;br/&gt;Ziel der Arbeit ist es, Kindern im Rahmen der Schule, insbesondere des Religi-onsunterrichtes, kindgerechte Mittel und Wege im Trauerprozess aufzuzeigen, wie sie ihre Trauer verarbeiten können, anstatt diese zu verdrängen. Sie sollen unterstützt und ermutigt werden, ihre Trauer zu benennen, Gemeinschaft zu er-leben und darüber zu sprechen, wenn sie dazu bereit sind. Der Tod soll nicht aus dem Leben verbannt sein, sondern als integrativer Bestandteil des Lebens be-griffen werden. Mit diesem Verständnis können Kinder gestärkt aus Traueranläs-sen hervortreten.</marc:subfield>
   </marc:datafield>
   <marc:datafield ind1=" " ind2=" " tag="041">
      <marc:subfield code="a">ger</marc:subfield>
   </marc:datafield>
   <marc:datafield ind1=" " ind2=" " tag="542">
      <marc:subfield code="d">Sabine Edinger, BEd</marc:subfield>
   </marc:datafield>
   <marc:datafield ind1="1" ind2=" " tag="521">
      <marc:subfield code="a">0</marc:subfield>
   </marc:datafield>
</marc:record>
